ბათუმის შოთა რუსთაველის სახელმწიფო უნივერსიტეტის ბიბლიოთეკა

ლითონის კონსტრუქციები : (ბიბ.ჩანაწერი № 51030)

000 -ლიდერი
ფიქსირებული სიგრძის საკონტროლო ველი 00826nam a2200205Ia 4500
001 - საკონტროლო ნომერი
საკონტროლო ველი 17987
003 - საკონტროლო ნომრის იდენტიფიკატორი
საკონტროლო ველი GE_BSU
005 - ბოლო ოპერაციის თარიღი და დრო
საკონტროლო ველი 20190501171604.0
008 - ფიქსირებული სიგრძის მონაცემთა ელემენტები - ზოგადი ინფორმაცია
ფიქსირებული სიგრძის საკონტროლო ველი 181216s1983||||ge |||||||||||||| ||geo||
040 ## - კატალოგიზაციის წყარო
Transcribing agency GE_BSU
041 ## - ენის კოდი
Language code of text/sound track or separate title geo
080 ## - უნივერსალური ათობითი კლასიფიკაციის ინდექსი
Universal Decimal Classification number 624.014(075.8) რ-17
100 ## - მთავარი ჩანაწერი - პიროვნების სახელი
Personal name რაზმაძე, ა.
9 (RLIN) 612
245 ## - ცნობა სათაურის შესახებ
Title ლითონის კონსტრუქციები :
Remainder of title სახელმძღვ. /
Statement of responsibility, etc ა.რაზმაძე ; რედ. ჩ.გურგენიძე.
264 ## - წარმოების, გამოცემის, დისტრიბუციის და სხვა ცნობები
გამოცემის, წარმოების, დისტრიბუციის... ადგილი თბილისი :
გამოცემის, წარმოების, დისტრიბუციის... სახელწოდება განათლება,
გამოცემის, წარმოების, დისტრიბუციის... თარიღი 1970.
300 ## - ფიზიკური აღწერა
Extent 661 გვ. :
Other physical details ნახაზები ;
Dimensions 22 სმ.
653 ## - INDEX TERM--UNCONTROLLED
Uncontrolled term ლითონის კონსტრუქციები
700 ## - ADDED ENTRY--PERSONAL NAME
Personal name გურგენიძე, ა.
Relator term რედაქტორი
9 (RLIN) 613
942 ## - ADDED ENTRY ELEMENTS (KOHA)
Koha item type წიგნი
Source of classification or shelving scheme
ეგზემპლარები
ჩამოწერის სტატუსი დაკარგული ეგზემპლარის სტატუსი კლასიფიკაციის წყარო ან თაროზე გაწყობის სქემა დაზიანების სტატუსი არ გაიცემა მუდმივი მდებარეობა (დაცვის ადგილი) ამჟამინდელი ადგილსამყოფელი თაროზე განთავსების ადგილი შეძენის თარიღი ღირებულება, შესყიდვის ნორმალური ფასი სრული შენახვის შიფრი შტრიხკოდი ბოლო ოპერაციის თარიღი ეგზემპლარის მიმდევრობითი ნომერი (კეტერი?) ფასის ძალაში შესვლის თარიღი ეგზემპლარის სახეობა საჯარო შენიშვნა
          ტექნოლოგიური ფაკულტეტის ბიბლიოთეკა ტექნოლოგიური ფაკულტეტის ბიბლიოთეკა წიგნსაცავი 2018-12-17 3.68 624.014(075.8) რ-17 11583 2018-12-17 11583 2018-12-17 წიგნი 3.68 ლ.
          ტექნოლოგიური ფაკულტეტის ბიბლიოთეკა ტექნოლოგიური ფაკულტეტის ბიბლიოთეკა წიგნსაცავი 2019-05-01 3.68 624.014(075.8) რ-17 11584 2019-05-01 11584 2019-05-01 წიგნი 3.68 ლ.
          ტექნოლოგიური ფაკულტეტის ბიბლიოთეკა ტექნოლოგიური ფაკულტეტის ბიბლიოთეკა წიგნსაცავი 2019-05-01 3.68 624.014(075.8) რ-17 11585 2019-05-01 11585 2019-05-01 წიგნი 3.68 ლ.